Представление документа в формате RUSMARC

ПолеНазваниеЗначение
  Тип записи a
  Библиографический уровень c
001 Контрольный номер RU/ГПНТБ России/KNIGADB/К63.3(2)/Ю 15-285901559
005 Дата корректировки 20251003164055.5
010 Индекс ISBN __
a ISBN 978-5-6043152-8-6
b Уточнения в пер.
9 Тираж 500 экз.
d Цена 390-00
100 Данные общей обработки __
a Данные общей обработки 20210119d2019####k y0rusy0289 ca
101 Язык документа 0_
a Язык текста rus
102 Страна публикации __
a Страна публикации RU
105 Кодированные данные (монография) __
a Кодированные данные (монография) aaahz 001yy
181 Поле кодированных данных: вид содержания _0
a Код вида содержания (ISBD) i
182 Поле кодированных данных: тип средства _0
a Код типа средства (ISBD) n
200 Заглавие и сведения об ответственности 1_
a Заглавие "Югра многовековая"
e Сведения, относящиеся к заглавию сборник архивных документов
f Первые сведения об ответственности Казенное учреждение Ханты-Мансийского автономного округа - Югры "Государственный архив Ханты-Мансийского автономного округа - Югры"
g Последующие сведения об ответственности составители: Н. Д. Судакова, С. В. Тюлина, Л. М. Завьялова
g Последующие сведения об ответственности редакционная коллегия: Ф. Р. Сунцова, Л. М. Завьялова
203 Вид содержания и тип средства __
a Вид содержания Текст
c Тип средства непосредственный
210 Выходные данные 1_
a Место издания Ханты-Мансийск
c Издательство Новости Югры
d Дата издания 2019
215 Физическое описание __
a Объем 243 с.
c Иллюстрации/тип воспроизводства ил., фот., табл., факс.
d Формат 27 см
300 Общие примечания __
a Общие примечания На обложке: 900. Многовековая Югра. Особенная земля. Особенные чувства
320 Библиография __
a Библиография Библиография в подстрочных примечаниях
320 Библиография __
a Библиография Указатель имен: с. 236-239
330 Аннотация __
a Аннотация Сборник архивных документов "Югра многовековая" включает в себя архивные документы по истории Земли Югорской в XI - начале XX вв., выявленные в КУ "Государственный архив Югры" и Государственном бюджетном учреждении Тюменской области "Государственный архив в г. Тобольске" В оформлении обложки использована карта С. У. Ремезова (КУ "Государственный архив Югры". Ф. И2. Оп. 1. Д. 100. Лл. 43 об.-44 "Чертежная книга Сибири С. У. Ремезова"). Издание предназначено в первую очередь для тех, кто интересуется историей своего родного края: историкам, краеведам, аспирантам и студентам исторических факультетов вузов.
464 Аналитический уровень _0
1 2001
a Краткий очерк из прошлого хантэ-мансийского народа (Краткая справка)
1 700 1
a Иванов
b И. А.
464 Аналитический уровень _0
1 2001
a Политические отношения Московского государства к Югорской земле (1455-1499)
1 700 1
a Оксенов
b А. В.
g Александр Васильевич
464 Аналитический уровень _0
1 2001
a Есть ли у Сибири история?
1 700 1
a Шесталов
b Ю. Н.
g Юван Николаевич
464 Аналитический уровень _0
1 2001
a Из родословной Самарово. Примерный перечень ямщиков Самарово
1 700 1
a Мухина
b М. Ю.
464 Аналитический уровень _0
1 2001
a Переписные листы Первой Всеобщей переписи населения Российской империи на основании Высочайше утвержденного положения 5 июня 1895 г.
517 Другие варианты заглавия 1_
a Другие варианты заглавия Сборник архивных документов "Югра многовековая"
601 Наименование организации как предмет 12
a Наименование организации как предмет Государственный архив в г. Тобольске
601 Наименование организации как предмет 12
a Наименование организации как предмет Государственный архив Югры
e Место проведения временной организации Ханты-Мансийск
606 Тематические рубрики __
a Основная рубрика История России в целом
y Географическая подрубрика Ханты-Мансийский автономный округ - Югра
y Географическая подрубрика ХМАО-Югра
y Географическая подрубрика Сургутский район
y Географическая подрубрика Сургут
y Географическая подрубрика Сургутский уезд
y Географическая подрубрика Самарово
y Географическая подрубрика Тобольский уезд
z Хронологическая подрубрика 11 в.
z Хронологическая подрубрика 12 в.
z Хронологическая подрубрика 13 в.
z Хронологическая подрубрика 14 в.
z Хронологическая подрубрика 15 в.
z Хронологическая подрубрика 16 в.
z Хронологическая подрубрика 17 в.
z Хронологическая подрубрика 18 в.
z Хронологическая подрубрика 19 в.
z Хронологическая подрубрика 20 в.
606 Тематические рубрики __
a Основная рубрика История
610 Ключевые слова 1_
a Ключевые слова краеведение
610 Ключевые слова 1_
a Ключевые слова история края
610 Ключевые слова 1_
a Ключевые слова ханты
610 Ключевые слова 1_
a Ключевые слова манси
610 Ключевые слова 1_
a Ключевые слова фольклор хантов
610 Ключевые слова 1_
a Ключевые слова архивные документы
610 Ключевые слова 0_
a Ключевые слова переписи населения
610 Ключевые слова 0_
a Ключевые слова ямщики
610 Ключевые слова 0_
a Ключевые слова родословные
610 Ключевые слова 0_
a Ключевые слова крестьяне
686 Индексы других классификаций __
2 Код системы rubbks
a Классификационный индекс К63.3(2Рос-6Хан); стК63.3(2Рос-6Хан)
702 Вторичная интеллектуальная ответственность _1
a Фамилия Судакова
b Имя Н. Д.
g Полное личное имя Наталия Дмитриевна
f Даты 1961-
4 Код отношения 220
702 Вторичная интеллектуальная ответственность _1
a Фамилия Тюлина
b Имя С. В.
g Полное личное имя Светлана Владимировна
4 Код отношения 220
702 Вторичная интеллектуальная ответственность _1
a Фамилия Завьялова
b Имя Л. М.
g Полное личное имя Лидия Михайловна
4 Код отношения 220
4 Код отношения 340
702 Вторичная интеллектуальная ответственность _1
a Фамилия Сунцова
b Имя Ф. Р.
4 Код отношения 340
712 Наименование организации (Вторичная ответственность) 02
a Организация/ юрисдикция Государственный архив Ханты-Мансийского автономного округа - Югры
e Место проведения временной организации Ханты-Мансийск
801 Источник записи _0
b Организация ГПНТБ России
a Страна RU
c Дата составления 20210119
g Правила каталогизации PSBO
801 Источник записи _1
b Организация ГПНТБ России
a Страна RU
c Дата составления 20210119
g Правила каталогизации PSBO
852 Данные о местонахождении 5_
j Шифр хранения К63.3(2Рос-6Хан)
i Авторский знак Ю 15
900 Макрообъекты __
a Макрообъекты Югра многовековая. Сборник архивных документов, 2019 г.
901 Тип документа __
a Ответственный КиК/Котельникова
t Тип документа x
903 Характеристики (МАРС) __
a Дата передачи 20210125
c Наименование библиотеки (МАРС) Муниципальное бюджетное учреждение культуры "Централизованная библиотечная система" г. Сургут (Центральная городская библиотека им. А. С. Пушкина)
990 Данные о заказе (DOS) __
j Количество экземпляров (DOS) 2
t N записи в КСУ для И/У (DOS) 202102